<?xml version='1.0' encoding='UTF-8'?>
  <record xmlns="http://www.loc.gov/MARC21/slim">
    <leader>00000cam a2200000 i 4500</leader>
    <controlfield tag="001">ocn902599730</controlfield>
    <controlfield tag="003">OCoLC</controlfield>
    <controlfield tag="005">20250603212108.6</controlfield>
    <controlfield tag="008">150130s1566    gw            000 0 ger d</controlfield>
    <datafield tag="040" ind1=" " ind2=" ">
      <subfield code="a">NLGGC</subfield>
      <subfield code="b">eng</subfield>
      <subfield code="e">rda</subfield>
      <subfield code="e">dcrmr</subfield>
      <subfield code="c">NLGGC</subfield>
      <subfield code="d">OCLCL</subfield>
      <subfield code="d">QGJ</subfield>
      <subfield code="d">OCLCQ</subfield>
    </datafield>
    <datafield tag="029" ind1="0" ind2=" ">
      <subfield code="a">NLGGC</subfield>
      <subfield code="b">388958715</subfield>
    </datafield>
    <datafield tag="035" ind1=" " ind2=" ">
      <subfield code="a">(OCoLC)902599730</subfield>
    </datafield>
    <datafield tag="041" ind1="1" ind2=" ">
      <subfield code="a">ger</subfield>
      <subfield code="h">lat</subfield>
    </datafield>
    <datafield tag="100" ind1="1" ind2=" ">
      <subfield code="a">Aventinus, Johannes,</subfield>
      <subfield code="d">1477-1534,</subfield>
      <subfield code="e">author.</subfield>
      <subfield code="4">aut</subfield>
      <subfield code="1">https://id.oclc.org/worldcat/entity/E39PBJxMpRXjBh4BcTVgKg48YP</subfield>
    </datafield>
    <datafield tag="240" ind1="1" ind2="0">
      <subfield code="a">Annales ducum Bavariae.</subfield>
      <subfield code="l">German</subfield>
    </datafield>
    <datafield tag="245" ind1="1" ind2="0">
      <subfield code="a">Johannis Auentini, des Hochgelerten weitberümbten Bayerischen Geschichtschreibers, Chronica, Darinn nit allein dess gar alten Hauss Beyern, Keiser, Könige, Hertzogen, Fürsten, Graffen, Freyherrn Geschlechte, Herkommen, Stam[m] vnd Geschichte, sondern auch der vralten Teutschen Vrsprung, Herkom[m]en, Sitten, Gebreuch, Religion, man[n]liche vnd treffliche Thaten, so sie fast biss zu diser zeyt, allenthalben, nit allein im Teutschland vnd Europa, sondern auch in Asia vnd Africa, auch vor Christi unsers Seligmachers Geburt, gethan haben, zum fleissigsten beschriben. ...  /</subfield>
      <subfield code="c">Anfenglich durch den Authorem in Latein verfertigt, hernachmals ... vom jm selber ... in ... hoch Teutsch gebracht, gemehrt vnd gebessert, zuvor nie in druck aussgangen. ...</subfield>
    </datafield>
    <datafield tag="246" ind1="3" ind2=" ">
      <subfield code="a">Chronica, Darinn nit allein dess gar alten Hauss Beyern, Keiser, Könige, Hertzogen, Fürsten, Graffen, Freyherrn Geschlechte, Herkommen, Stam[m] vnd Geschichte, sondern auch der vralten Teutschen Vrsprung, Herkom[m]en, Sitten, Gebreuch, Religion, man[n]liche vnd treffliche Thaten, so sie fast biss zu diser zeyt, allenthalben, nit allein im Teutschland vnd Europa, sondern auch in Asia vnd Africa, auch vor Christi unsers Seligmachers Geburt, gethan haben, zum fleissigsten beschriben</subfield>
    </datafield>
    <datafield tag="264" ind1=" " ind2="1">
      <subfield code="a">Getruckt zu Franckfurt am Mayn, :</subfield>
      <subfield code="b">bey Georg Raben, Sigmund Feyerabend, vnd Weygand Hanen Erben.,</subfield>
      <subfield code="c">im jar dess Herrn MDLXVI [1566]</subfield>
    </datafield>
    <datafield tag="300" ind1=" " ind2=" ">
      <subfield code="a">[21], CCCCCXXVII, [26] leaves :</subfield>
      <subfield code="b">illustrations, portraits, genealogical tables (woodcuts)  ;</subfield>
      <subfield code="c">37 cm (folio)</subfield>
    </datafield>
    <datafield tag="336" ind1=" " ind2=" ">
      <subfield code="a">text</subfield>
      <subfield code="b">txt</subfield>
      <subfield code="2">rdacontent</subfield>
    </datafield>
    <datafield tag="337" ind1=" " ind2=" ">
      <subfield code="a">unmediated</subfield>
      <subfield code="b">n</subfield>
      <subfield code="2">rdamedia</subfield>
    </datafield>
    <datafield tag="338" ind1=" " ind2=" ">
      <subfield code="a">volume</subfield>
      <subfield code="b">nc</subfield>
      <subfield code="2">rdacarrier</subfield>
    </datafield>
    <datafield tag="500" ind1=" " ind2=" ">
      <subfield code="a">Imprint: Getruckt zu Franckfurt am Mayn, im jar dess Herrn M. D. LXVI.</subfield>
    </datafield>
    <datafield tag="500" ind1=" " ind2=" ">
      <subfield code="a">Printers' names from colophon, which reads: Gedruckt zu Franckfurt am Meyn, bey Georg Raben, Sigmund Feyerabend, vnd Weygand Hanen Erben. M. D. LXVI. [1566]</subfield>
    </datafield>
    <datafield tag="500" ind1=" " ind2=" ">
      <subfield code="a">Edited by Simon Schardius.</subfield>
    </datafield>
    <datafield tag="500" ind1=" " ind2=" ">
      <subfield code="a">Title page printed in red and black.</subfield>
    </datafield>
    <datafield tag="500" ind1=" " ind2=" ">
      <subfield code="a">Title vignette (portrait of Aventinus); initials; tail-pieces; printed marginal notes.</subfield>
    </datafield>
    <datafield tag="500" ind1=" " ind2=" ">
      <subfield code="a">Printers' device on title page " Dreissig Tafeln" and on final page.</subfield>
    </datafield>
    <datafield tag="500" ind1=" " ind2=" ">
      <subfield code="a">With separate title page and signing: Dreissig Taflen, darinn der Keyser, König, Fürsten, Marggraffen, Graffen, Freyherren, so von der zerstörung Troie an, biss auff jetzige zeyt in Beyern regiert, Stamme, succession, herkom[m]en, sipschafft vnd verwandtnuss auffs kürtzste angezeigt, zu gutem vnd klaren verstandt der Chronicken Johannis Auentini fast dienstlich, durch in selber mit sonderm fleiss auss alten Brieffen, vrkunden vnd monumenten zusammen gezogen, vnd jetzt gemeinem nutz zu gutem an den tag gegeben.</subfield>
    </datafield>
    <datafield tag="500" ind1=" " ind2=" ">
      <subfield code="a">Includes index.</subfield>
    </datafield>
    <datafield tag="500" ind1=" " ind2=" ">
      <subfield code="a">Initials, printed marginalia.</subfield>
    </datafield>
    <datafield tag="500" ind1=" " ind2=" ">
      <subfield code="a">Signatures: a⁶ b-c⁸ A-Z⁶ Aa-Zz⁶ ²a-²c⁶ d-z⁶ aa-vv⁶ ³a-³c⁶ ²d⁶ ²d⁸; a1v, b8v, c1v, c8, C1v, vv6v ³a1v, and ²d8v are blank.</subfield>
    </datafield>
    <datafield tag="510" ind1="4" ind2=" ">
      <subfield code="a">Verzeichnis der im deutschen Sprachbereich erschienenen Drucke des 16. Jahrhunderts (VD 16),</subfield>
      <subfield code="c">T 2320</subfield>
      <subfield code="u">https://gateway-bayern.de/VD16+T+2320</subfield>
    </datafield>
    <datafield tag="651" ind1=" " ind2="0">
      <subfield code="a">Bavaria (Germany)</subfield>
      <subfield code="x">History.</subfield>
    </datafield>
    <datafield tag="651" ind1=" " ind2="6">
      <subfield code="a">Bavière (Allemagne)</subfield>
      <subfield code="x">Histoire.</subfield>
    </datafield>
    <datafield tag="651" ind1=" " ind2="7">
      <subfield code="a">Germany</subfield>
      <subfield code="z">Bavaria</subfield>
      <subfield code="2">fast</subfield>
      <subfield code="1">https://id.oclc.org/worldcat/entity/E39QbtfRxbxhxtQ94C9rqHFQCp</subfield>
    </datafield>
    <datafield tag="655" ind1=" " ind2="7">
      <subfield code="a">History</subfield>
      <subfield code="2">fast</subfield>
    </datafield>
    <datafield tag="700" ind1="1" ind2=" ">
      <subfield code="a">Schardius, Simon,</subfield>
      <subfield code="d">1535-1573,</subfield>
      <subfield code="e">editor.</subfield>
      <subfield code="4">edt</subfield>
      <subfield code="1">https://id.oclc.org/worldcat/entity/E39PBJvcXk8bdR48yRpf4WYQMP</subfield>
    </datafield>
    <datafield tag="700" ind1="1" ind2=" ">
      <subfield code="a">Rab, Georg,</subfield>
      <subfield code="d">-1580,</subfield>
      <subfield code="e">printer.</subfield>
      <subfield code="4">prt</subfield>
      <subfield code="1">https://id.oclc.org/worldcat/entity/E39PBJbWx8wpHVtHdYwf8pvfv3</subfield>
    </datafield>
    <datafield tag="700" ind1="1" ind2=" ">
      <subfield code="a">Feyerabend, Sigmund,</subfield>
      <subfield code="d">1528-1590,</subfield>
      <subfield code="e">printer.</subfield>
      <subfield code="4">prt</subfield>
      <subfield code="1">https://id.oclc.org/worldcat/entity/E39PBJd3JFPtyF9Wmmvrr7ppT3</subfield>
    </datafield>
    <datafield tag="700" ind1="0" ind2=" ">
      <subfield code="a">Friedrich</subfield>
      <subfield code="b">III,</subfield>
      <subfield code="c">Elector Palatine,</subfield>
      <subfield code="d">1515-1576,</subfield>
      <subfield code="e">dedicatee.</subfield>
      <subfield code="4">dte</subfield>
    </datafield>
    <datafield tag="700" ind1="0" ind2=" ">
      <subfield code="a">Wilhelm</subfield>
      <subfield code="b">IV,</subfield>
      <subfield code="c">Duke of Bavaria,</subfield>
      <subfield code="d">1493-1550,</subfield>
      <subfield code="e">dedicatee.</subfield>
      <subfield code="4">dte</subfield>
    </datafield>
    <datafield tag="700" ind1="0" ind2=" ">
      <subfield code="a">Ludwig</subfield>
      <subfield code="b">X,</subfield>
      <subfield code="c">Herzog von Ober- und Niederbayern,</subfield>
      <subfield code="d">1495-1545,</subfield>
      <subfield code="e">dedicatee.</subfield>
      <subfield code="4">dte</subfield>
    </datafield>
    <datafield tag="700" ind1="1" ind2=" ">
      <subfield code="a">Irtenbergen, Thomas,</subfield>
      <subfield code="e">dedicatee.</subfield>
      <subfield code="4">dte</subfield>
    </datafield>
    <datafield tag="710" ind1="2" ind2=" ">
      <subfield code="a">Weigand Han Erben,</subfield>
      <subfield code="e">printer</subfield>
      <subfield code="1">https://id.oclc.org/worldcat/entity/E39QH7JmpbVthqCrj8QWFmtDFg</subfield>
    </datafield>
    <datafield tag="740" ind1="0" ind2=" ">
      <subfield code="a">Dreissig Taflen, darinn der Keyser, König, Fürsten, Marggrafen, Graffen, Freyherren, so von der zerstörung Troie an, bisz auff jetzige zeyt in Beyern regiert, Stamme, succession, herkom[m]en, sipschafft vnd verwandtnsz auffs kürtzste angezeigt, zu gutem vnd klaren verstandt der Chronicken Johannis Auentini fast dienstlich, durch in selber mit sonderm fleisz ausz alten Brieffen, vrkunden vnd monumenten zusammen gezogen, vnd jetzt gemeinem nutz zu guteman den tag gegeben.</subfield>
    </datafield>
    <datafield tag="752" ind1=" " ind2=" ">
      <subfield code="a">Germany</subfield>
      <subfield code="d">Frankfurt am Main,</subfield>
      <subfield code="e">publication place.</subfield>
      <subfield code="4">pup</subfield>
    </datafield>
    <datafield tag="758" ind1=" " ind2=" ">
      <subfield code="a">Johannis Aventini ... Chronica, darinn nit allein dess gar alten Hauss Beyern, Keiser, Könige, Hertzogen, Fürsten, Graffen, Freyherrn Gelschlechte Herkommen, Stamm und Geschichte, sondern auch der uralten Teutschen Ursprung, Herkommen, Sitten, Gebreuch, Religion, mannliche und treffliche Thaten ... beschriben und ...zusammengetragen und in acht Bücher getheilt (Text)</subfield>
      <subfield code="1">https://id.oclc.org/worldcat/entity/E39PCYqvW646xdBT4WTrpCq84q</subfield>
      <subfield code="4">https://id.oclc.org/worldcat/ontology/hasWork</subfield>
    </datafield>
    <datafield tag="936" ind1=" " ind2=" ">
      <subfield code="a">BATCHLOAD</subfield>
    </datafield>
  </record>